[Event "22nd ZMDI Open 2013"]
[Site "Dresden GER"]
[Date "2013.08.18"]
[Round "9.35"]
[White "Niegsch,Nicolas"]
[Black "Hansch,T"]
[Result "1/2-1/2"]
[WhiteElo "2004"]
[BlackElo "2116"]

1.d4 d5 2.c4 dxc4 3.Nf3 Nf6 4.e3 e6 5.Bxc4 c5 6.O-O Nc6 7.a3 a6 8.dxc5 Qxd1
9.Rxd1 Bxc5 10.b4 Be7 11.Bb2 O-O 12.Be2 Bd7 13.Nbd2 Rfd8 14.Nc4 Be8 15.Nd4 b5
16.Nxc6 Bxc6 17.Na5 Rxd1+ 18.Bxd1 Bd5 19.Rc1 Kf8 20.f3 Bd8 21.Nb3 Bb6 22.Nc5 Bc4
23.Bd4 Bc7 24.Bb3 e5 25.Bb2 Bxb3 26.Nxb3 Bb6 27.Nc5 Bxc5 28.bxc5 Nd7 29.c6 Nb6
30.Bxe5 Nc4 31.c7 Rc8 32.Bg3 Ke7 33.a4 f6 34.axb5 axb5 35.Rb1 Nd6 36.Bxd6+ Kxd6
37.Rxb5 Rxc7 38.Kf2 Ke6 39.e4 g5 40.h4 h6 41.Kg3 Rc2 42.Kh3 Rc1 43.g3 Rc3
44.Rf5 Rc1 45.Kg4 Rg1 46.f4 gxh4 47.Kxh4 Re1 48.Rh5 Rxe4 49.Rxh6 Kf7 50.Kg4 Ra4
51.Rh5 Kg6 52.Rb5  1/2-1/2

[Event "22nd ZMDI Open 2013"]
[Site "Dresden GER"]
[Date "2013.08.18"]
[Round "9.1"]
[White "Oleksienko,M"]
[Black "Teske,H"]
[Result "1-0"]
[WhiteElo "2596"]
[BlackElo "2536"]

1.d4 d5 2.Nf3 Nf6 3.c4 dxc4 4.e3 e6 5.Bxc4 c5 6.O-O Nc6 7.Nc3 a6 8.a4 cxd4
9.exd4 Be7 10.Bg5 O-O 11.Re1 Bd7 12.Qe2 Rc8 13.Rad1 h6 14.Bh4 Nh5 15.d5 Nf4
16.Qe3 exd5 17.Qxf4 dxc4 18.Bxe7 Nxe7 19.Qd6  1-0

[Event "12th Lichtenberger Sommer"]
[Site "Berlin GER"]
[Date "2013.08.23"]
[Round "7.1"]
[White "Stern,R"]
[Black "Rabiega,R"]
[Result "1/2-1/2"]
[WhiteElo "2504"]
[BlackElo "2506"]

1.d4 d5 2.c4 dxc4 3.e3 e6 4.Bxc4 Nf6 5.Nf3 c5 6.O-O a6 7.dxc5 Bxc5 8.Qxd8+ Kxd8
9.Be2 Ke7 10.Nbd2 Bd7 11.Nb3 Ba7 12.Bd2 Nc6 13.Bc3 Rhg8 14.Rfc1 Rac8 15.Be1 g5
16.Na5 Nd5 17.Nxc6+ Bxc6 18.Ne5 Bb5 19.Bxb5 axb5 20.Kf1 f5 21.h3  1/2-1/2

[Event "TCh-SRB 1st League 2013"]
[Site "Kragujevac SRB"]
[Date "2013.08.27"]
[Round "4.4"]
[White "Kosic,D"]
[Black "Stojanovic,Mih"]
[Result "1/2-1/2"]
[WhiteElo "2480"]
[BlackElo "2565"]

1.d4 d5 2.c4 dxc4 3.e3 Nf6 4.Bxc4 e6 5.Nf3 c5 6.O-O Nc6 7.Qe2 cxd4 8.Rd1 Be7
9.exd4 O-O 10.Nc3 Na5 11.Bd3 b6 12.Bf4 Bb7 13.Rac1 Rc8 14.Be5 Nd5 15.h3 Qd7
16.h4 h6 17.Bg3 Nxc3 18.bxc3 Qd5 19.c4 Qh5 20.Qe3 Bf6 21.Be2 Qf5 22.Ne5 Rfd8
23.Bd3 Qh5 24.Be2 Qf5 25.Bd3 Qh5 26.Be2 Qf5  1/2-1/2

[Event "74th ch-ARM 1st League"]
[Site "Yerevan ARM"]
[Date "2013.09.02"]
[Round "12.1"]
[White "Grigoryan,K2"]
[Black "Chibukhchian,A"]
[Result "1-0"]
[WhiteElo "2550"]
[BlackElo "2454"]

1.d4 d5 2.Nf3 Nf6 3.c4 dxc4 4.e3 e6 5.Bxc4 c5 6.O-O a6 7.Bb3 Nc6 8.Qe2 Be7
9.dxc5 Bxc5 10.e4 Qc7 11.e5 Nd5 12.Qe4 Nce7 13.h4 Bd7 14.Nbd2 Bc6 15.Qc4 Bb5
16.Ba4 Qc6 17.Bxb5 axb5 18.Qb3 Ra4 19.Re1 Nf5 20.Ne4 O-O 21.h5 h6 22.Bd2 Bb6
23.Rac1 Rc4 24.Qd3 Rc8 25.b3 Rxc1 26.Rxc1 Qxc1+ 27.Bxc1 Rxc1+ 28.Kh2 b4 29.Qb5 Rc6
30.Qa4 Kh7 31.Qa8 Nd4 32.Nh4 Bc7 33.Qe8 Bxe5+ 34.g3 Nf5 35.Ng6 Bxg3+ 36.Nxg3  1-0

[Event "Mohamed Slama Mem 2013"]
[Site "Monastir TUN"]
[Date "2013.09.12"]
[Round "5.10"]
[White "Hergli,A"]
[Black "Boudriga,M"]
[Result "1/2-1/2"]
[WhiteElo "2142"]
[BlackElo "2274"]

1.d4 d5 2.c4 dxc4 3.e3 Nf6 4.Bxc4 e6 5.Nf3 c5 6.O-O a6 7.dxc5 Qxd1 8.Rxd1 Bxc5
9.a3 b5 10.Be2 Ke7 11.b4 Bd6 12.Bb2 Nbd7 13.Nbd2 Bb7 14.Nb3 Bd5 15.Na5 Rhc8
16.Nd4 Ne5 17.Rac1 g6 18.f3  1/2-1/2

[Event "TCh-CRO 2a Liga 2013"]
[Site "Bol CRO"]
[Date "2013.09.14"]
[Round "1.2"]
[White "Horvath,Cs1"]
[Black "Sprenger,J"]
[Result "1-0"]
[WhiteElo "2524"]
[BlackElo "2497"]

1.d4 d5 2.c4 dxc4 3.Nf3 Nf6 4.e3 e6 5.Bxc4 c5 6.O-O a6 7.Nc3 Nc6 8.Ne5 Bd7
9.Nxd7 Qxd7 10.dxc5 Bxc5 11.Qxd7+ Nxd7  1-0

[Event "TCh-CRO 2a Liga 2013"]
[Site "Bol CRO"]
[Date "2013.09.18"]
[Round "5.4"]
[White "Tratar,M"]
[Black "Sprenger,J"]
[Result "1/2-1/2"]
[WhiteElo "2503"]
[BlackElo "2497"]

1.Nf3 d5 2.d4 Nf6 3.c4 dxc4 4.e3 e6 5.Bxc4 c5 6.O-O a6 7.dxc5 Bxc5 8.Qxd8+ Kxd8
9.Ne5 Ke7 10.Be2 Nbd7 11.Nc4 Rd8 12.Nbd2 Kf8 13.Nb3 Be7 14.Rd1 b6 15.f3 a5
16.e4 Ba6  1/2-1/2

[Event "Lichtenrader Herbst 2013"]
[Site "Berlin GER"]
[Date "2013.10.03"]
[Round "6.11"]
[White "Schoene,R"]
[Black "Zur,J"]
[Result "0-1"]
[WhiteElo "2345"]
[BlackElo "2043"]

1.d4 d5 2.c4 dxc4 3.Nf3 Nf6 4.e3 e6 5.Bxc4 c5 6.O-O a6 7.a3 b5 8.Ba2 Bb7
9.Nc3 Nbd7 10.Qe2 cxd4 11.exd4 Be7 12.Re1 Nb6 13.Bg5 Nbd5 14.a4 b4 15.Nd1 O-O
16.Ne5 Rc8 17.Rc1 Rxc1 18.Bxc1 Qb6 19.Qd3 Rd8 20.Bb1 b3 21.Be3 Nxe3 22.Qxe3 Rxd4
23.Nf3 Rd6 24.Qxb6 Rxb6 25.Ne3 Bxf3 26.gxf3 Rb4 27.Rc1 Rxa4 28.Rc8+ Bf8 29.Bd3 Ra2
30.Rb8 Rxb2 31.Bxa6 Nd7 32.Rb5 Nc5 33.Bb7 Nxb7 34.Rxb7 g6 35.Nc4 Rb1+ 36.Kg2 Bh6
37.Na3 Rb2 38.Nc4 Rc2 39.Nd6 Bf4 40.Nxf7 Rc7 41.Nh6+ Kg7  0-1

[Event "23rd EYCC Open U18 2013"]
[Site "Budva MNE"]
[Date "2013.10.08"]
[Round "9.33"]
[White "Veinberg,N"]
[Black "Lucovnik,Tilen"]
[Result "1-0"]
[WhiteElo "2147"]
[BlackElo "1939"]

1.d4 d5 2.Nf3 Nf6 3.c4 dxc4 4.e3 e6 5.Bxc4 c5 6.Qe2 a6 7.dxc5 Bxc5 8.O-O Nc6
9.e4 Qc7 10.e5 Nd7 11.Bf4 Nb6 12.Bb3 O-O 13.Rc1 Be7 14.Nc3 Bd7 15.Bg3 Rfd8
16.Ne4 Qc8 17.Nd6 Qb8 18.Rd1 Nc8 19.Ne4 Qa7 20.Qd2 Be8 21.Qf4 b5 22.Bc2 Nb6
23.Nf6+ Bxf6 24.exf6 Nd5 25.Rxd5 Rxd5 26.Qh4 gxf6 27.Bxh7+ Kf8 28.Qxf6 Rh5
29.Bd6+  1-0

[Event "TCh-Belgrade Premier liga 2013"]
[Site "Belgrade SRB"]
[Date "2013.10.12"]
[Round "1.3"]
[White "Skare,G"]
[Black "Dimitrijevic,R"]
[Result "1/2-1/2"]
[WhiteElo "2323"]
[BlackElo "2286"]

1.d4 d5 2.Nf3 Nf6 3.c4 dxc4 4.e3 e6 5.Bxc4 c5 6.dxc5 Qxd1+ 7.Kxd1 Bxc5 8.Ke2 a6
9.a3 Nbd7 10.Nbd2 b6 11.b4 Be7 12.Bb2 Bb7 13.Rhc1 O-O 14.Bd3  1/2-1/2

[Event "Chinese Teams 2013"]
[Site "Qingdao CHN"]
[Date "2013.10.12"]
[Round "13.1"]
[White "Wen Yang"]
[Black "Zeng,C"]
[Result "1-0"]
[WhiteElo "2590"]
[BlackElo "2508"]

1.d4 d5 2.c4 dxc4 3.Nf3 Nf6 4.e3 e6 5.Bxc4 c5 6.Qe2 a6 7.dxc5 Bxc5 8.O-O Nbd7
9.e4 b5 10.Bd3 Bb7 11.Nbd2 Ng4 12.e5 Qc7 13.Be4 O-O 14.Bxb7 Qxb7 15.Ne4 f5
16.exf6 Ngxf6 17.Nd6 Bxd6 18.Qxe6+ Kh8 19.Qxd6 Ne4 20.Qd1 Nb6 21.Be3 Nd5
22.Qd4 Rae8 23.Rae1 Ndf6 24.Bc1 Rd8 25.Qe3 b4 26.Ng5 Nxg5 27.Qxg5 Qd5 28.Qxd5 Rxd5
29.Rd1 Rfd8 30.Rxd5 Rxd5 31.Be3 Kg8 32.f3 Kf7 33.Kf2 Ke6 34.Ke2 h5 35.h4 Ra5
36.Ra1 Nd5 37.Bd2 Ke5 38.g3 Kd4 39.Be1 Ra4 40.Bf2+ Ke5 41.Kd3 b3 42.Re1+ Kd6
43.a3 Ra5 44.Kc4 Rb5 45.Rd1 Ke5 46.Rd3 Nb6+ 47.Bxb6 Rxb6 48.Rd5+ Kf6 49.Rxh5 Re6
50.Ra5 Re3 51.Rxa6+ Kf7 52.Rb6  1-0

[Event "TCh-Belgrade Premier liga 2013"]
[Site "Belgrade SRB"]
[Date "2013.10.14"]
[Round "3.2"]
[White "Andrejic,V"]
[Black "Dimitrijevic,R"]
[Result "1/2-1/2"]
[WhiteElo "2210"]
[BlackElo "2286"]

1.d4 d5 2.c4 dxc4 3.Nf3 Nf6 4.e3 e6 5.Bxc4 c5 6.O-O a6 7.Bb3 b5 8.a4 b4 9.e4 cxd4
10.Nbd2 Bb7 11.e5 Nfd7 12.Nc4 Nc6 13.Bg5 Qc7 14.Nxd4 Ndxe5 15.Nxc6 Qxc6 16.Ne3 Bc5
17.Rc1 O-O 18.Be7 Nd7 19.Bxf8 Rxf8 20.Qh5 g6 21.Qh3 Ne5 22.Rfd1 Qb6 23.Qg3 Bd6
24.f4 Nf3+ 25.Kf2 Nd4 26.Kf1 Nxb3 27.Nc4 Qa7 28.Qxb3 Bxf4 29.Rc2 Bxh2 30.Qe3 Qb8
31.Nb6 Qg3 32.Qxg3 Bxg3 33.Nd7 Ra8 34.Rd3 Bh4 35.Rc4 Be7 36.Nb6 Rb8 37.Rd7 Bd8
38.a5 Bd5 39.Nxd5 exd5 40.Rxd5 b3 41.Rc6 Ra8 42.Ke2 Kg7 43.Kd3 Bf6 44.Rb6 Bxb2
45.Rxb3 Bf6 46.Rb6 Bd8 47.Rbd6 Be7 48.Rc6 Bb4 49.Kc4 Be1 50.Re5 Bd2 51.Kd3 Bf4
52.Re4 Bg5 53.Ra4 h5 54.Kc4 Be3 55.Kd5 Bf2 56.Ra2 Be3 57.Re2 Bg1 58.Rd6 Bh2
59.Rd7 Rb8 60.Kc6 Bg1 61.Ree7 Rb2 62.Rxf7+ Kh6 63.Rh7+ Kg5 64.Rd5+ Kh4 65.g3+ Kxg3
66.Rg5+ Kh2 67.Rxg6 Rb5 68.Rhg7 Bd4 69.Rg2+ Kh1 70.R7g5 Rxa5 71.Rxa5 Kxg2
72.Rxh5 Bf2 73.Ra5 Bg3 74.Rxa6 Kh1 75.Kd5 Bh2 76.Ke4 Bg1 77.Kf3 Bh2 78.Kf2 Bg1+
79.Kf1 Bh2 80.Rg6 Be5 81.Rg1+ Kh2 82.Rg5 Bd4 83.Rh5+ Kg3 84.Rd5 Bb6 85.Ke2 Kg2
86.Rg5+ Kh1 87.Kf3 Bg1 88.Rg2 Bd4 89.Re2 Bg1 90.Kg3 Bc5 91.Rh2+ Kg1 92.Rd2 Kh1
93.Rd5 Bb6 94.Rh5+ Kg1 95.Rh7 Bd4 96.Re7 Kh1 97.Re4 Bb6 98.Rc4 Ba7 99.Ra4 Bc5
100.Ra2 Bg1  1/2-1/2

[Event "3rd Central Asia Cup"]
[Site "Dushanbe TJK"]
[Date "2013.10.16"]
[Round "5.6"]
[White "Barsov,A"]
[Black "Egin,V"]
[Result "1-0"]
[WhiteElo "2535"]
[BlackElo "2403"]

1.d4 d5 2.c4 dxc4 3.Nf3 Nf6 4.e3 e6 5.Bxc4 c5 6.O-O a6 7.Bb3 cxd4 8.exd4 Nc6
9.Nc3 Be7 10.Bg5 O-O 11.Qd3 b5 12.Rad1 Bb7 13.Ne5 Nb4 14.Qe2 Nbd5 15.Rd3 Nxc3
16.bxc3 Nd5 17.Bd2 g6 18.Rg3 Bh4 19.Rh3 Bg5 20.f4 Bf6 21.f5 exf5 22.Rxf5 Bg7
23.Qf3 gxf5 24.Qh5 h6 25.Bxh6 Bxe5 26.dxe5 Qb6+ 27.Be3 Qxe3+ 28.Rxe3 Nxe3
29.Qg6+ Kh8 30.Qh6+ Kg8 31.Qxe3 Be4 32.Qh6 Rac8 33.Qg6+ Kh8 34.Qh6+ Kg8 35.e6 Rc6
36.Qg5+ Kh7 37.e7  1-0

[Event "TCh-AUT 2nd West 2013-14"]
[Site "Austria AUT"]
[Date "2013.10.18"]
[Round "1.4"]
[White "Tabernig,B"]
[Black "Levushkina,E"]
[Result "1-0"]
[WhiteElo "2327"]
[BlackElo "2303"]

1.d4 d5 2.c4 dxc4 3.Nf3 Nf6 4.e3 e6 5.Bxc4 c5 6.O-O a6 7.Bb3 cxd4 8.exd4 Nc6
9.Nc3 Be7 10.Re1 O-O 11.a3 Na5 12.Bc2 b5 13.Qd3 g6 14.Ne5 Bb7 15.Bh6 Re8
16.Qh3 Qd6 17.Rad1 Nc4 18.Rd3 Bf8 19.Bf4 Qb6 20.Qh4 Bg7 21.Bg5 Nh5 22.g4 f6
23.gxh5 fxg5 24.Qxg5 Nxe5 25.dxe5 Qc6 26.f3 Rf8 27.hxg6 h6 28.Qg4 Rf5 29.h4 Raf8
30.Bb3 Kh8 31.Rd6 Qc5+ 32.Qd4 Rxf3 33.Qxc5 Rg3+ 34.Kh2 Rg2+ 35.Kh1 Re2+ 36.Bd5 Rxe1+
37.Kg2 Bxd5+ 38.Nxd5 Re2+ 39.Kh3 exd5 40.Rxd5 Re4 41.Rd7 Rf5 42.Kg2 Rf8 43.Rxg7  1-0

[Event "Caissa IM Oct 2013"]
[Site "Kecskemet HUN"]
[Date "2013.10.25"]
[Round "7.3"]
[White "Minko,V"]
[Black "Lyell,M"]
[Result "0-1"]
[WhiteElo "2312"]
[BlackElo "2259"]

1.d4 d5 2.c4 dxc4 3.e3 Nf6 4.Bxc4 e6 5.Nf3 c5 6.O-O a6 7.a4 Nc6 8.Nc3 cxd4
9.exd4 Be7 10.Re1 O-O 11.Bg5 h6 12.Bh4 Nd5 13.Bxd5 exd5 14.Bxe7 Nxe7 15.Qb3 Be6
16.Qxb7 Qd6 17.Qb3 Rfb8 18.Qc2 Rb4 19.a5 Nc6 20.Na4 Nxd4 21.Nxd4 Rxd4 22.Qc5 Qf4
23.Nb6 Rd8 24.Qe7 Qg5 25.Qxg5 hxg5 26.Red1 Rb4 27.Rd2 d4 28.Ra4 Rxa4 29.Nxa4 Bc4
30.f3 f6 31.Nc3 Kf7 32.Ne2 Bxe2 33.Rxe2 Rd5 34.Rd2 Ke6 35.Kf2 Ke5 36.Re2+ Kd6
37.Rd2 Kc5 38.Ke2 Kb4 39.Kd3 Kxa5 40.Kc4 Rb5 41.Kxd4 Kb4 42.Rd3 a5 43.Ke3 a4
44.Kd2 Rb7 45.Kc2 Rc7+ 46.Kb1 Re7 47.Rd2 Kb3 48.Rd3+ Kc4 49.Rd2 Re1+ 50.Ka2 Rh1
51.h3 Rg1 52.Rf2 Kd3 53.f4 gxf4 54.Rxf4 Rxg2 55.Rxa4 f5 56.Ra7 f4 57.Rd7+ Ke4
58.Re7+ Kf3 59.Ka3 Rg6 60.h4 Kg2 61.h5 Rg3+ 62.Ka4 f3  0-1

[Event "17th Unive Open 2013"]
[Site "Hoogeveen NED"]
[Date "2013.10.26"]
[Round "9.6"]
[White "Hopman,P"]
[Black "Donchenko,Alexa"]
[Result "1/2-1/2"]
[WhiteElo "2338"]
[BlackElo "2479"]

1.d4 d5 2.Nf3 Nf6 3.c4 dxc4 4.e3 e6 5.Bxc4 c5 6.O-O a6 7.Bb3 Nc6 8.Qe2 Qc7
9.Nc3 Be7 10.Bd2 O-O 11.dxc5 Bxc5 12.Rac1 Rd8 13.h3 Bd6 14.e4 Bd7 15.Rfe1 Be8
16.Bg5 h6 17.Bxf6 gxf6 18.Nd5 exd5 19.exd5 Qe7 20.dxc6 Qxe2 21.Rxe2 Bxc6
22.Rc4 Re8 23.Re3 Bxf3 24.gxf3 Rad8 25.Kf1 Kf8 26.Rh4 Kg7 27.Rg4+ Kf8 28.Rh4 Kg7
29.Bc2 Bc5 30.Rc3 Bd4 31.Rc7 Rc8 32.Rg4+ Kf8 33.Rxc8 Rxc8 34.Bd3 Rd8 35.Ke2 Re8+
36.Kf1 Rd8 37.Ke2 Re8+ 38.Kf1  1/2-1/2

[Event "TCh-CZE Extraliga 2013-14"]
[Site "Prague CZE"]
[Date "2013.11.02"]
[Round "1.5"]
[White "Studnicka,Toma"]
[Black "Rausis,I"]
[Result "1/2-1/2"]
[WhiteElo "2352"]
[BlackElo "2551"]

1.d4 d5 2.c4 dxc4 3.Nf3 Nf6 4.e3 e6 5.Bxc4 c5 6.O-O Nc6 7.Nc3 cxd4 8.exd4 Be7
9.d5 exd5 10.Nxd5 Nxd5 11.Qxd5 Qxd5 12.Bxd5 O-O 13.Bg5 Bxg5 14.Nxg5 Nb4 15.Bf3 h6
16.Ne4 Nd3 17.Nd6 Rd8 18.Nxc8 Raxc8 19.b3 Rc7 20.Rfd1 Rcd7 21.Kf1 f5 22.Rd2 Nf4
23.Rxd7 Rxd7 24.g3 Ne6 25.Bh5 Kf8 26.Re1 Ke7 27.Be2 Kf6 28.Bc4 Nc7 29.Ke2 g5
30.Rc1 Ke5 31.Ke3 Rd4 32.Bg8 Na6 33.Rc8 f4+ 34.Ke2 Nb4 35.a3 Nd5 36.Bxd5 Rxd5
37.Rc7 Rb5 38.b4 fxg3 39.fxg3 a5 40.bxa5 Rxa5 41.Rxb7 Rxa3 42.Rb2  1/2-1/2

[Event "80th ch-BRA S/F 1 2013"]
[Site "Rio de Janeiro BRA"]
[Date "2013.11.03"]
[Round "6.1"]
[White "Leitao,R"]
[Black "Molina,Rob"]
[Result "1-0"]
[WhiteElo "2632"]
[BlackElo "2416"]

1.d4 d5 2.c4 dxc4 3.Nf3 Nf6 4.e3 e6 5.Bxc4 c5 6.O-O a6 7.a4 Nc6 8.Qe2 Qc7
9.Nc3 Bd6 10.dxc5 Bxc5 11.Bd2 O-O 12.Rfc1 Rd8 13.Bd3 Ne5 14.Be4 Nxf3+ 15.Bxf3 Qe5
16.g3 Bb4 17.Rd1 Rb8 18.e4 g5 19.h4 h6 20.hxg5 hxg5 21.Be3 Rxd1+ 22.Rxd1 Be7
23.Bd4 Qc7 24.e5 Nd7 25.Be4 Nf8 26.Qh5 Bd7 27.Nd5 exd5 28.e6 fxe6 29.Bh7+  1-0

[Event "Chennai WGM 2013"]
[Site "Chennai IND"]
[Date "2013.11.09"]
[Round "5.6"]
[White "Bhakti,K"]
[Black "Gevorgyan,M"]
[Result "0-1"]
[WhiteElo "2288"]
[BlackElo "2147"]

1.d4 d5 2.c4 dxc4 3.Nf3 Nf6 4.e3 e6 5.Bxc4 c5 6.O-O a6 7.Nc3 b5 8.Be2 Nbd7
9.dxc5 Bxc5 10.a3 Bb7 11.b4 Be7 12.Bb2 O-O 13.Qb3 Qb8 14.Rfd1 Rc8 15.Rac1 Ne5
16.Nxe5 Qxe5 17.Ne4 Bd5 18.Bxe5 Bxb3 19.Nxf6+ gxf6 20.Rxc8+ Rxc8 21.Rb1 Bc2
22.Rc1 fxe5 23.Bd1 Bxd1 24.Rxc8+ Kg7 25.Rc7 Bf6 26.e4 Be2 27.Ra7 Bg5 28.Rxa6 Bd1
29.Rc6 h5 30.Rc5 Be2 31.Rxe5 Bc1 32.a4 bxa4 33.Ra5 a3 34.b5 Bd3 35.e5 Bb2
36.b6 Be4 37.f4 Kf8 38.Kf1 Ke8 39.Ra7 Bd5 40.Ke2 Kd8 41.b7 Kc7  0-1

[Event "ch-VIE w 2013"]
[Site "Ho Chi Minh City VIE"]
[Date "2013.11.21"]
[Round "4.7"]
[White "Le Hoang Tran Chau"]
[Black "Le Thi Ha"]
[Result "1-0"]
[WhiteElo "2099"]
[BlackElo "1961"]

1.d4 d5 2.Nf3 Nf6 3.c4 dxc4 4.e3 e6 5.Bxc4 c5 6.O-O Nc6 7.Qe2 a6 8.a4 cxd4
9.Rd1 Be7 10.exd4 O-O 11.Nc3 Nb4 12.Bg5 Nbd5 13.Ne5 Nxc3 14.bxc3 Qc7 15.Rd3 Ne8
16.Bxe7 Qxe7 17.Rg3 f6 18.Nd3 Kh8 19.Re1 Nc7 20.Rh3 Qf7 21.a5 Bd7 22.Nc5 Rab8
23.Nxb7 g6 24.Nc5 Bb5 25.Nxa6 Bxa6 26.Bxa6 Ra8 27.Bc4 Rxa5 28.Re3 Re8 29.h3 Ra3
30.Qb2 Raa8 31.Qb7 Qe7 32.Qc6 Qd8 33.Bxe6 Re7 34.Bc4 Rxe3 35.Rxe3 Ra1+ 36.Kh2 Ra5
37.Qb6 Ra8 38.d5 Rb8 39.Qc6 Rc8 40.d6 Ne8 41.d7  1-0

[Event "ch-VIE w 2013"]
[Site "Ho Chi Minh City VIE"]
[Date "2013.11.22"]
[Round "5.11"]
[White "Le Thi Ha"]
[Black "Le,Thuy Vi"]
[Result "1-0"]
[WhiteElo "1961"]
[BlackElo "1590"]

1.d4 d5 2.c4 dxc4 3.Nf3 Nf6 4.e3 e6 5.Bxc4 c5 6.O-O a6 7.a4 Nc6 8.Qe2 cxd4
9.Rd1 Qc7 10.exd4 Be7 11.Nc3 O-O 12.Bg5 b6 13.Rac1 Na5 14.Ba2 h6 15.Bh4 Re8
16.d5 e5 17.d6 Bxd6 18.Bxf6 gxf6 19.Ne4 Qe7 20.Nxd6 Rf8 21.Nh4 f5 22.Ng6 Qg5
23.Nxf8 Kxf8 24.Nxc8 e4 25.Nxb6 Ra7 26.Qe1 Nb7 27.Rc8+ Kg7 28.Qc3+ Qf6 29.Rg8+  1-0

[Event "ch-VIE w 2013"]
[Site "Ho Chi Minh City VIE"]
[Date "2013.11.22"]
[Round "6.5"]
[White "Le Hoang Tran Chau"]
[Black "Doan,Thi Hong Nhung"]
[Result "1-0"]
[WhiteElo "2099"]
[BlackElo "1892"]

1.d4 d5 2.Nf3 Nf6 3.c4 dxc4 4.e3 e6 5.Bxc4 c5 6.O-O a6 7.a4 Nc6 8.Qe2 cxd4
9.Rd1 Be7 10.exd4 O-O 11.Nc3 Nd5 12.Ne4 b6 13.Ne5 Ncb4 14.Ra3 f6 15.Nf3 Nc6
16.Ra1 Na5 17.Ba2 Nb4 18.Bd2 Nxa2 19.Bxa5 Nb4 20.Bxb4 Bxb4 21.Qc4 Qe7 22.d5 exd5
23.Qxd5+ Be6 24.Qc6 Rab8 25.Nd4 Bf7 26.Nf5 Qe5 27.Nfd6 f5 28.Nxf7 Qxe4 29.Qxe4 fxe4
30.Nd6 Bxd6 31.Rxd6 Rf6 32.Rd2 Rc8 33.g3 Rf3 34.Kg2 a5 35.Rad1 Rc4 36.Rd8+ Kf7
37.R1d7+ Kg6 38.Rb8 Rc2 39.Rxb6+ Kh5 40.Kh3 Rfxf2 41.Rd5+  1-0

[Event "British Rapidplay 2013"]
[Site "Leeds ENG"]
[Date "2013.11.23"]
[Round "3.2"]
[White "Hebden,M"]
[Black "Burns-Mannion,S"]
[Result "1-0"]
[WhiteElo "2556"]
[BlackElo "2375"]

1.d4 d5 2.Nf3 Nf6 3.c4 dxc4 4.e3 e6 5.Bxc4 c5 6.O-O a6 7.Bb3 b5 8.a4 b4 9.e4 Bb7
10.Nbd2 Be7 11.e5 Nfd7 12.Nc4 O-O 13.Be3 Nc6 14.dxc5 Nxc5 15.Bc2 Qxd1 16.Bxd1 Rfd8
17.Be2 a5 18.Nb6 Rab8 19.Rad1 Rxd1 20.Rxd1 Rd8 21.Rxd8+ Nxd8 22.Nd2 Nc6 23.Ndc4 f6
24.exf6 gxf6 25.Bf3 Nb3 26.Nd2 Nxd2 27.Bxd2 Bd8 28.Nc4 Ba6 29.Nd6 Nd4 30.Bb7 Bd3
31.Be4 Bxe4 32.Nxe4 Kf7 33.Be3 Nf5 34.Kf1 e5 35.Ke2 Ke6 36.Kd3 Kd5 37.g4 Nh4
38.Nd2 f5 39.gxf5 Nxf5 40.Ne4 Nh4 41.Nd2 Nf5 42.h3 Nd6 43.f3 Nf5 44.Nc4 Nh4
45.Bb6 Bxb6 46.Nxb6+ Kc5 47.Nd7+ Kd6 48.Nf6 Nxf3 49.Nxh7 Ke6 50.Ke3 Nd4 51.Ng5+ Kd5
52.Kd3 Nf5 53.Ne4 Nh4 54.Nf6+ Ke6 55.Ng4 Kf5 56.Kc4 Nf3 57.Kb5 Ne1 58.Kxa5 Nd3
59.b3 Ke6 60.Kb5 Kd5 61.a5 e4 62.a6  1-0

[Event "British Rapidplay 2013"]
[Site "Leeds ENG"]
[Date "2013.11.23"]
[Round "5.4"]
[White "Palliser,R"]
[Black "Burns-Mannion,S"]
[Result "1-0"]
[WhiteElo "2456"]
[BlackElo "2375"]

1.d4 d5 2.c4 dxc4 3.e3 Nf6 4.Bxc4 e6 5.Nf3 c5 6.O-O a6 7.Bb3 b5 8.a4 b4 9.e4 Bb7
10.Nbd2 Be7 11.e5 Nfd7 12.Nc4 O-O 13.Nd6 Bxd6 14.exd6 cxd4 15.Bg5 Nf6 16.Qxd4 Nc6
17.Qf4 Na5 18.Bc2 Rc8 19.Rac1 Rc4 20.Qg3 b3 21.Bb1 Rxa4 22.Ne5 Kh8 23.Rc7 Qe8
24.Re7 Qa8 25.Bxf6 gxf6 26.Nxf7+ Rxf7 27.Rxf7 Qg8 28.Rxh7+  1-0

[Event "British Rapidplay 2013"]
[Site "Leeds ENG"]
[Date "2013.11.24"]
[Round "10.2"]
[White "Hawkins,Jo"]
[Black "Burns-Mannion,S"]
[Result "1-0"]
[WhiteElo "2511"]
[BlackElo "2375"]

1.d4 d5 2.c4 dxc4 3.Nf3 Nf6 4.e3 e6 5.Bxc4 c5 6.Qe2 a6 7.dxc5 Bxc5 8.e4 b5
9.Bd3 Nc6 10.Nbd2 e5 11.Nb3 Bb4+ 12.Bd2 Bxd2+ 13.Nbxd2 O-O 14.O-O Qb6 15.a4 Rb8
16.axb5 axb5 17.Rfc1 Bd7 18.Nb3 Rfc8 19.h3 Nh5 20.Nc5 Nf4 21.Qe3 Nxd3 22.Qxd3 Be8
23.Ra6 Qc7 24.Qb3 Qe7 25.Raa1 Rd8 26.Na6 Rbc8 27.Qe3 f6 28.Kh1 Kh8 29.Nc5 Nd4
30.b4 Bf7 31.Ra5 Bc4 32.Nxd4 Rxd4 33.Rca1 Rdd8 34.Kg1 h6 35.Qf3 Bg8 36.Rxb5 Rb8
37.Qe2 Qe8 38.Raa5 Qc6 39.Rxb8 Rxb8 40.Qg4 Qc7 41.Ra4 Re8 42.Kh2 Rd8 43.Ra3 Qb6
44.Rg3 Qa7 45.b5 Qe7 46.b6 Kh7 47.Qg6+ Kh8 48.b7 Rb8 49.Rc3 Bh7 50.Qg4  1-0

[Event "ch-PAR 2013"]
[Site "Asuncion PAR"]
[Date "2013.11.28"]
[Round "11.2"]
[White "Goiriz,Y"]
[Black "Valiente,C"]
[Result "1/2-1/2"]
[WhiteElo "2090"]
[BlackElo "2225"]

1.Nf3 Nf6 2.d4 d5 3.c4 dxc4 4.e3 e6 5.Bxc4 c5 6.O-O a6 7.Qe2 cxd4 8.exd4 Be7
9.Bg5 O-O 10.Nc3 b5 11.Bb3 Nc6 12.Rad1 Bb7 13.d5 Nxd5 14.Bxd5 exd5 15.Rxd5 Qc7
16.Rfd1 Rad8 17.Qd2 Bxg5 18.Qxg5 Ne7 19.Rxd8 Rxd8 20.Rxd8+ Qxd8 21.Nd4 Qd6
22.Qe3 h6  1/2-1/2

[Event "Moscow Cup Final 2013"]
[Site "Moscow RUS"]
[Date "2013.12.01"]
[Round "1.5"]
[White "Tarasov,Alexandr"]
[Black "Myshakov,F"]
[Result "1/2-1/2"]
[WhiteElo "2184"]
[BlackElo "2278"]

1.d4 d5 2.c4 dxc4 3.Nf3 Nf6 4.e3 e6 5.Bxc4 c5 6.O-O a6 7.Qe2 b5 8.Bd3 Nbd7
9.Rd1 Bb7 10.a4 b4 11.Nbd2 Be7 12.e4 cxd4 13.e5 Nd5 14.Nb3 Nc5 15.Nxc5 Bxc5
16.Ng5 Be7 17.Qg4 Qc7 18.Nf3 g6 19.Bh6 Bf8 20.Qh4 Bxh6 21.Qxh6 Ne7 22.Rac1 Qa5
23.Nxd4 Qxe5 24.Nb5 Bc6 25.Re1 Qb8  1/2-1/2

[Event "Pushchino Autumn 2013"]
[Site "Pushchino RUS"]
[Date "2013.12.02"]
[Round "9.4"]
[White "Mirzoeva,E"]
[Black "Belenkaya,D"]
[Result "1/2-1/2"]
[WhiteElo "2248"]
[BlackElo "2227"]

1.d4 d5 2.Nf3 e6 3.c4 dxc4 4.e3 Nf6 5.Bxc4 c5 6.O-O a6 7.dxc5 Qxd1 8.Rxd1 Bxc5
9.Be2 Nbd7 10.Nbd2 b6 11.Nb3 Be7 12.Nfd4 Bb7 13.f3 O-O 14.e4 Rac8 15.Be3 Rfd8
16.Rac1 Nf8 17.Kf2 g6 18.Nd2 Bc5 19.Nc4 e5 20.Nb3 Be7  1/2-1/2

[Event "ch-Arab Open 2013"]
[Site "Abu Dhabi UAE"]
[Date "2013.12.09"]
[Round "2.6"]
[White "Khader,Sam"]
[Black "Al Hageri,B"]
[Result "0-1"]
[WhiteElo "2378"]
[BlackElo "2071"]

1.d4 d5 2.c4 dxc4 3.Nf3 Nf6 4.e3 e6 5.Bxc4 c5 6.O-O a6 7.Qe2 cxd4 8.Rd1 Nc6
9.exd4 Be7 10.Nc3 O-O 11.a3 Nd5 12.Ne4 b5 13.Ba2 b4 14.Bg5 Bxg5 15.Nexg5 h6
16.Ne4 a5 17.Ne5 Nxd4 18.Rxd4 Nf4 19.Rxd8 Nxe2+ 20.Kf1 Rxd8 21.Kxe2 Bb7 22.f3 Rac8
23.Bb1 Rc1 24.Nd3 Ba6 25.Nf2 bxa3 26.Kd2 axb2 27.Rxa5 Bxd3 28.Nxd3 Rxb1 29.Rb5 Rg1
30.Rxb2 Rxg2+ 31.Kc1 Rxb2 32.Nxb2 Rd4  0-1

[Event "5th Penang Open 2013"]
[Site "George Town MAS"]
[Date "2013.12.13"]
[Round "9.6"]
[White "Biag,Ivan Gil"]
[Black "Sonjaya,D"]
[Result "1/2-1/2"]
[WhiteElo "2279"]
[BlackElo "2292"]

1.d4 d5 2.c4 dxc4 3.Nf3 Nf6 4.e3 e6 5.Bxc4 c5 6.O-O a6 7.dxc5 Qxd1 8.Rxd1 Bxc5
9.Nbd2 Nc6 10.Nb3 Be7 11.Bd2 O-O 12.Na5 Nxa5 13.Bxa5 b5 14.Be2 Bb7 15.Rac1 Rfc8
16.Nd4 Bd5  1/2-1/2

[Event "51st Groningen Open A 2013"]
[Site "Groningen NED"]
[Date "2013.12.23"]
[Round "3.3"]
[White "Andriasian,Z"]
[Black "Danielian,E"]
[Result "1/2-1/2"]
[WhiteElo "2610"]
[BlackElo "2462"]

1.d4 d5 2.c4 dxc4 3.Nf3 Nf6 4.e3 e6 5.Bxc4 c5 6.O-O Nc6 7.dxc5 Qxd1 8.Rxd1 Bxc5
9.b3 Ke7 10.Bb2 b6 11.Nbd2 Bb7 12.Be2 Rhd8 13.Nc4 Rxd1+ 14.Rxd1 Rd8 15.Rxd8 Nxd8
16.a3 Kf8 17.b4  1/2-1/2